Manual of firemanship : a survey of the science of fire-fighting : Book 6. Breathing apparatus and resuscitation (Record no. 4802)

000 -LEADER
fixed length control field 00409nam a2200133Ia 4500
008 - FIXED-LENGTH DATA ELEMENTS--GENERAL INFORMATION
fixed length control field 200103s 1980 ||||xx |||||||||||||| ||und||
020 ## - INTERNATIONAL STANDARD BOOK NUMBER
International Standard Book Number 9780113405863
082 ## - DEWEY DECIMAL CLASSIFICATION NUMBER
Classification number 363.37092
Item number HMS
100 ## - MAIN ENTRY--PERSONAL NAME
Personal name HMSO
245 #0 - TITLE STATEMENT
Title Manual of firemanship : a survey of the science of fire-fighting : Book 6. Breathing apparatus and resuscitation
260 ## - PUBLICATION, DISTRIBUTION, ETC. (IMPRINT)
Name of publisher, distributor, etc HMSO
Date of publication, distribution, etc 1980
Place of publication, distribution, etc London
300 ## - PHYSICAL DESCRIPTION
Extent xii, 161p.
942 ## - ADDED ENTRY ELEMENTS (KOHA)
Item type Books
Holdings
Withdrawn status Lost status Source of classification or shelving scheme Damaged status Not for loan Collection code Permanent location Current location Shelving location Date acquired Full call number Barcode Date last seen Koha item type Public note
          Non-fiction IMU-MPC Library IMU-MPC Library General Stacks 2020-01-08 363.37092 HMS LBS6962 2025-03-17 Books Column-12
Copyright © 2021 Indian Maritime University, Mumbai Port Campus. All Rights Reserved. Managed & Maintained by Central Library, IMU-Mumbai

webs counters

Powered by Koha